| 000 | 00526nam a2200169Ia 4500 | ||
|---|---|---|---|
| 008 | 190805s9999||||xx |||||||||||||| ||und|| | ||
| 020 |
_a9788126554232 _cRs. 809.00 |
||
| 082 | 0 | 4 |
_a510.2462 _bK889 |
| 100 | 1 | _aKreyszig, Erwin | |
| 245 | 1 | 0 |
_aAdvanced Engineering Mathematics / _cErwin Kreyszig |
| 250 | _a10th ed. | ||
| 260 |
_aNew Delhi : _bWiley India Pvt. Ltd, _c2011, reprinted 2016 |
||
| 300 |
_axv, 127 p. _b : ill. _c; 25 cm. |
||
| 650 | 0 |
_aEngineering mathematics _vTextbooks |
|
| 942 | _cBK | ||
| 999 |
_c218 _d218 |
||